Szczegóły MARC21

Lo Zingarelli : vocabolario della lingua italiana /

003 -Nazwa inst., której nr kontr. jest w polu 001 [,]
    • @
    • Nazwa instytucji, której n kontrolny jest w polu 001
    • NUKAT
005 -DATA I CZAS OSTATNIEJ MODYFIKACJI [,]
    • @
    • pole kontrolne
    • 20241231091448.0
020 -Międzynarod. znormalizowany nr książki - ISBN [ , ]
    • a
    • Numer ISBN
    • 9788301159634 Find
040 -Instytucja sporządzająca opis [ , ]
    • a
    • Instytucja, która sporządziła opis (NP)
    • OLSZT 003/MW
    • c
    • Instytucja, która sporządziła rekord (NP)
    • OLSZT 003/MW
    • d
    • Instytucja, która zmodyfikowała rekord (P)
    • OLSZT 003/MW
    • d
    • Instytucja, która zmodyfikowała rekord (P)
    • WR U/AKAs
942 -Rodzaj dokumentu [ , ]
    • c
    • Rodzaj dokumentu
    • Książka
100 -Hasło główne - nazwa osobowa [1, ]
    • a
    • Nazwa osobowa (NP)
    • Zingarelli, Nicola
    • d
    • Daty biograficzne (NP)
    • (1860-1935).
    • 9
    • KHW
    • 647635
245 -Strefa tytułu i oznaczenia odpowiedzialności [1,3]
    • a
    • Tytuł
    • Lo Zingarelli : Find
    • b
    • Ciąg dalszy tytułu (NP)
    • vocabolario della lingua italiana / Find
    • c
    • Pozostałe elementy strefy tytułu i oznaczenia odpowiedzialności (NP)
    • di Nicola Zingarelli.
246 -Wariant tytułu [3,3]
    • a
    • Tytuł (NP)
    • Italiano
246 -Wariant tytułu [3,0]
    • a
    • Tytuł (NP)
    • Vocabolario della lingua italiana
250 -Strefa wydania [ , ]
    • a
    • Oznaczenie wydania (NP)
    • 12 ed., rist.
260 -Strefa adresu wydawniczego [ , ]
    • a
    • Miejsce wydania (P)
    • Bologna :
    • b
    • Nazwa wydawcy (P)
    • Zanichelli ;
    • a
    • Miejsce wydania (P)
    • [Warszawa] :
    • b
    • Nazwa wydawcy (P)
    • PWN,
    • c
    • Data wydania (P)
    • 2009.
300 -Strefa opisu fizycznego [ , ]
    • a
    • Określenie formy książki i/lub objętość (NP)
    • 2704, [2] s. :
    • b
    • Oznaczenie ilustracji (NP)
    • il. ;
    • c
    • Format (NP)
    • 26 cm.
336 -Typ zawartości [ , ]
    • a
    • Termin opisujący typ zawartości
    • Tekst
    • b
    • Kod określający zawartość
    • txt
    • 2
    • Źródło (terminu i kodu)
    • rdacontent
337 -Typ mediów [ , ]
    • a
    • Tryb odtwarzania
    • Bez urządzenia pośredniczącego
    • b
    • Kod typu mediów
    • n
    • 2
    • Źródło (terminu i kodu)
    • rdamedia
338 -Typ/rodzaj nośnika [ , ]
    • a
    • Hasło opisujące typ nośnika
    • Wolumin
    • b
    • Kod typu nośnika
    • nc
    • 2
    • Źródło (terminu i kodu)
    • rdacarrier
500 -Uwaga ogólna [ , ]
    • a
    • Uwaga ogólna (NP)
    • Druk trzyszpaltowy.
500 -Uwaga ogólna [ , ]
    • a
    • Uwaga ogólna (NP)
    • Wariant tyt. "Italiano" na obwol.
500 -Uwaga ogólna [ , ]
    • a
    • Uwaga ogólna (NP)
    • Wg. www.pwn.pl: 1 wyd. we współpr. z PWN; inf. o wydawnictwie pol. na obwol. i www.pwn.pl.
080 -Uniwersalna Klasyfikacja Dziesiętna [ , ]
    • 9
    • UKD
    • 9931
    • a
    • Symbol klasyfikacji
    • 811.131.1'374
    • b
    • Dopowiedzenie
    • Język włoski. - Słownik języka włoskiego.
    • 2
    • Identyfikator wydania tablic
    • UDC-P058
650 -Hasło przedmiotowe [ ,7]
    • a
    • Hasło przedmiotowe
    • Język włoski
    • v
    • Określnik formalny
    • słowniki.
    • 2
    • Źródło terminu
    • kaba
    • 9
    • KHW
    • 113501
655 -Hasło w funkcji tematu formalnego [ ,7]
    • a
    • Hasło
    • Encyklopedie i słowniki włoskie.
    • 2
    • Źródło terminu
    • kaba
    • 9
    • KHW
    • 107726
980 -Symbol UKD [ , ]
    • a
    • UKD
    • 811.131.1'374
710 -Hasło dodatkowe - nazwa ciała zbiorowego [2, ]
    • a
    • Nazwa ciała zbiorowego lub nazwa geograficzna jako pierwszy element (NP)
    • Wydawnictwo Naukowe PWN.
    • 4
    • Kod relacji
    • pbl
    • 9
    • KHW
    • 52648
920 -ISBN [ , ]
    • a
    • ISBN
    • 978-83-01-15963-4 Find
Sygnatura Status udost. Lokalizacja Data inwentaryzacji Numer inwentarzowy Obwoluta
WŁ. Słowniki 011BM2009-12-01P.218331